000 02689nam a2200373 i 4500
001 195464
003 ES-GrU
005 20250708192132.0
007 ta
008 240315s2024 sp a 000 0 ita 0 spa
017 _aB 16604-2023
_bOficina Depósito Legal Barcelona
020 _a9788419220707
040 _aUGR
_bspa
_cES-MaACL
100 _aCal, Teresa de la
_9237024
_eaut
245 1 _aCeramistas y procesos creativos /
_cTeresa de la Cal, Miguel Angel P. Arteaga
260 _aBarcelona :
_bHoaki,
_c2024.
300 _a279 páginas :
_bilustrado ;
_c23 cm
336 _2rdacontent
_atexto
337 _2rdamedia
_asin mediación
338 _2rdacarrier
_avolumen
490 _aAsí nacen las ideas
520 _a27 experimentados e innovadores ceramistas revelan, con sus propias palabras, los procesos creativos que hay detrás de su obra, qué les motiva, las estrategias que utilizan para ser originales y creativos, qué distingue su trabajo del de otros ceramistas y cómo consiguen crear la diferencia. A través de sus declaraciones y de ejemplos de sus creaciones más personales -objetos capaces de afectarnos emocionalmente, sorprendernos y hacernos pensar-, estos destacados artistas no solo revelan detalles sobre sus fuentes de inspiración, las operaciones de modelado y cocción de las piezas, los tipos de esmaltes o de engobe que usan y otras cuestiones técnicas, sino que analizan su propia relación con la arcilla y la forma de comportarse y evolucionar de este material. El resultado es una mirada reveladora al mundo creativo único de cada artista. Comprometidos con la exploración, el riesgo y la versatilidad, estos artistas redescubren tradiciones milenarias, reinventan perspectivas, trascienden fronteras, cuentan historias y se rebelan contra las expectativas convencionales, creando en el proceso un espacio estimulante donde se encuentran el arte, la arcilla, el agua, el aire y el fuego y que sirve de fuente de inspiración.
650 7 _aCerámica
_9135756
700 _aArteaga, Miguel
_9237025
_eaut
852 _aES-MaACL
_cDEPOJ
_jN-9988
_gDedicatoria autógrafa de los autores
_hDonación: Teresa de la Cal; Miguel Ángel P. Arteaga
_xEncuadernación Cartoné
_9206136
903 _9237024
_aCal, Teresa de la
_ednr
903 _9237025
_aArteaga, Miguel
_ednr
942 _cMONOGRAFIA
_n0
999 _c195464
_d195464